| 000 | 02403nam a2200349 4500 | ||
|---|---|---|---|
| 001 | 173 | ||
| 003 | OSt | ||
| 005 | 20250528074013.0 | ||
| 008 | 250130b |||||||g |||| 00| 1 eng d | ||
| 020 | _a9788501061157 | ||
| 040 | _bpor | ||
| 041 |
_heng _apor |
||
| 082 |
_a823 _bC821e |
||
| 100 | 1 |
_aCornwell, Bernard, _d1944- _9324 |
|
| 240 | _aExcalibur | ||
| 245 |
_aExcalibur / _cCornwell, Bernard ; Tradução de Alves Calado |
||
| 250 | _a19° edição | ||
| 260 |
_aRio de Janeiro _bRecord _c2013 |
||
| 300 | _a532 p. | ||
| 490 | 1 |
_aAs crônicas de Artur _vvol. 03 |
|
| 520 | _aNeste terceiro volume da série, iniciada com "O Rei do Inverno" e seqüenciada por "O Inimigo de Deus", o escritor imerge o leitor em uma Britânia cercada pela escuridão. E apresenta os últimos esforços de Artur pra combater os saxões e triunfar sobre um casamento e sonhos desfeitos. "Excalibur" mostra, ainda, o desespero de Merlin, o maior de todos os druidas, ao perceber a deserção dos antigos deuses bretões. Sem seu poder, Merlin acha impossível combater os cristãos, mais perigosos para a velha ilha do que uma horda de famintos guerreiros saxões. O livro traz vívidas descrições de lutas de espada e estratégias de guerra, misturadas com descrições da vida comum naqueles dias: longas barbas servindo como guardanapos, festivais pagãos, com sacrifícios de animais, e pragas corriqueiras, como piolhos. Tendo por narrador um saxão criado entre os bretões, Derfel, braço direito de Artur, "Excalibur" acompanha os conflitos internos de Artur, recém-separado da esposa, mas ainda apaixonado por sua rainha. Atacado por velhos inimigos, perseguido por novos perigos. Mas sempre empunhando a espada Excalibur, um dos Tesouros da Britânia legados aos homens pelos antigos deuses dos druidas. Cornwell mostra, ainda, como as ameaças vindas de todos os lados acabam fazendo com que Artur se volte para a religião, chegando a batizar-se como cristão. Todos os sacrifícios são válidos para salvar sua adorada Britânia e conceder-lhe a tão almejada paz. | ||
| 650 | 0 |
_aLiteratura Inglesa _989 |
|
| 650 | 0 |
_aMitologia _9128 |
|
| 650 | 0 |
_aFantasia _945 |
|
| 650 | 0 |
_aAventura _947 |
|
| 650 | 0 |
_aHistória _9116 |
|
| 655 | 0 |
_aRomance _923 |
|
| 655 | 0 |
_aFicção _922 |
|
| 700 |
_aAlves Calado _eTradutor _9325 |
||
| 830 |
_aAs crônicas de Artur _vvol. 03 _9326 |
||
| 942 |
_2ddc _n0 _cBK |
||
| 999 |
_c173 _d173 |
||